000 00308nam a2200109Ia 4500
008 171211s9999 xx 000 0 und d
245 _aHigh Performance Browser Networking
245 _cIlya Grigorik
260 _c2013
650 _xWeb Development
856 _uhttp://down.ebook777.com/008/9781449344764.pdf
999 _c350107
_d350107